El delito culposo /

Guardado en:
Autor Principal: Terragni, Marco Antonio
Formato: Libro
Idioma:Spanish
Publicado: Santa Fe : Rubinzal Culzoni, 2004.
Edición:1a. reimp.
Materias:
Etiquetas: Agregar Etiqueta
Sin Etiquetas, Sea el primero en etiquetar este registro!
LEADER 00451nam a22001575a 4500
001 DER.der015258
008 250717s2004####ag#||||||||||||||#||spa||
005 20250717150719.0
245 1 0 |a El delito culposo /  |c Marco Antonio Terragni. 
250 |a 1a. reimp. 
260 |a Santa Fe :  |b Rubinzal Culzoni,  |c 2004. 
300 |a 300 p. 
020 |a 9507271392 
100 1 |a Terragni, Marco Antonio 
650 7 |a DERECHO PENAL 
859 |a DERECHO  |b BIB. DERECHO  |h 345  |i TER  |p 003043